Lakes of the Lake District - Statistics

General Stats
  • This quiz has been taken 289 times
    271 since last reset
  • The average score is 11 of 19
Answer Stats
Answer % Correct
Windermere
96%
Ullswater
89%
Derwent Water
88%
Coniston
87%
Buttermere
84%
Thirlmere
73%
Wast Water
72%
Grasmere
71%
Bassenthwaite Lake
69%
Rydal Water
65%
Crummock Water
60%
Haweswater
57%
Ennerdale Water
53%
Loweswater
44%
Elterwater
41%
Brotherswater
31%
Esthwaite Water
31%
Loughrigg Tarn
3%
Blelham Tarn
1%
No matching quizzes found
Score Distribution
Percent of People with Each Score
Percentile by Number Answered
Your Score History
You have not taken this quiz since the last reset